[Event "FRA-chT4 0304"]
[Site "Champagne Ardenne"]
[Date "2004.02.01"]
[Round "5"]
[White "Meunier, Samuel"]
[Black "Guillaume, Jean Francois"]
[Result "1/2-1/2"]
[WhiteElo "2000"]
[BlackElo "1980"]
[PlyCount "59"]
[EventDate "2003.10.??"]
[EventRounds "6"]
[EventCountry "FRA"]
[SourceTitle "EXT 2005"]
[Source "ChessBase"]
[SourceDate "2004.11.15"]
[SourceVersion "1"]
[SourceVersionDate "2004.11.15"]
[SourceQuality "1"]

1. e4 c5 2. Nf3 Nc6 3. d4 cxd4 4. Nxd4 g6 5. Be3 Bg7 6. Nc3 Nf6 7. Be2 0-0 8. 0-0 d5 9. Nxc6 bxc6 10. e5 Nd7 11. f4 f6 12. Nxd5 fxe5 13. fxe5 Rxf1+ 14. Bxf1 Nxe5 15. Nc3 Bf5 16. Qe2 Qc7 17. h3 Rb8 18. Rb1 h5 19. Kh1 Nf7 20. Na4 Nd6 21. b3 Ne4 22. Qc4+ Kh7 23. Bd3 Ng3+ 24. Kg1 Bxd3 25. Qxd3 Rd8 26. Qc4 Qe5 27. Bf2 Ne2+ 28. Kh1 Ng3+ 29. Kg1 Ne2+ 30. Kh1 1/2-1/2